1398 1699 1880 1222 1376 1589 1552 1043 1762 1973 1565 1499 1964 1550 1537 1359 1833 1427 1529 1114 1021 1977 1321 1686 1986 1108 1597 1343 1992 1338 1819 1463 1755 1363 1539 1189 1180 1134 1186 1585 1478 1722 1301 1636 1959 1820 1671 1429 1172 1710 1269 1272 1064 1952 1227 1422 1230 1781 1209 1823 1390 1945 1926 1486 1164 1810 1093 1884 1489 1408 1373 1421 1974 1134 1619 1349 1600 1068 1666 1624 1750 1264 1515 1001 1984 1721 1239 1960 1345 1395 1050 1972 1037 1176 1595 1534 1233 1189 1947 BCNSPRNW ULIB Ver.6.0+V

เปลี่ยนเป็นภาษาไทย

Change to English
 แสดงรายละเอียดบรรณานุกรม
  กลับหน้าหลัก

Brief Record : Get Marc (ISO 2709) : E-mail record : QR code < ปิดหน้าต่าง
LEADER : 00000nam 2200000uu 4500
001    13399109125
003     ULIB
008    110322s2550||||th 000 0 tha d
020    9789744140012
050  4 HF5549.5.M3^bก768ก 2550
100 0  เกรียงศักดิ์ เขียวยิ่ง
245 10 การบริหารทรัพยากรมนุษย์ /^cเกรียงศักดิ์ เขียวยิ่ง
250    พิมพ์ครั้งที่ 1
260    กรุงเทพฯ :^bเอ็กซเปอร์เน็ท,^c2550
300    445 หน้า :^bภาพประกอบ ;^c26 ซม.
650  7 การบริหารงานบุคคล
650  7 การพัฒนาทรัพยากรมนุษย์
650  7 การวางแผนกำลังคน
945    ^p330^l0^i029926
945    ^p330^l0^i029925
995    ทศพร
999 ^a ใช้งานได้ทุกระบบ
รายการนี้ยังไม่มีแท็ก
คุณยังไม่ได้ล็อกอิน คุณสามารถมีกิจกรรมร่วมกับเว็บไซต์ได้ แต่ต้องล็อกอินก่อน ::
  ล็อกอิน

รายการสื่อสารสนเทศ

ลำดับที่ ประเภท เลขเรียก/บาร์โค้ด สถานที่ สถานะ
1. การศึกษาทั่วไป
การศึกษาทั่วไป
HF5549.5.M3 ก768ก 2550 ฉ.2 
  Barcode: 029926
ห้องสมุดวิทยาเขตนครสวรรค์
►หนังสือทั่วไป:l:General Books
บนชั้น

รายการใกล้เคียง
    ผู้แต่ง [เกรียงศักดิ์ เขียวยิ่ง]

    หัวเรื่อง [การบริหารงานบุคคล]
    หัวเรื่อง [การพัฒนาทรัพยากรมนุษย์]
    หัวเรื่อง [การวางแผนกำลังคน]

BibComment


ยังไม่เคยถูกคอมเมนท์

คอมเมนท์ทรัพยากรรายการนี้
  คอมเมนท์: การบริหารทรัพยากร..


 Copyright 2026. Bcnsprnw @Library